书目信息 |
| 书名: | Encyclopaedic dictionary of physics | |
| 作者: | editor-in-chief: J. Thewlis, associate editors: R.C. Glass, D.J. Hughes, A.R. Meetham. | |
| 分册号: | ||
| 分册名: | 出版地: | Oxford ; |
|
| 出版社: | Pergamon Press | |
| 出版时间: | 1967. | |
| 页数: | 447p : | |
| 开本: | 26 cm. | |
| 丛书名: | ||
| 中图分类号: | ||
| 科图分类号: | ||
| 其他分类号: | O4-61 | |
| 主题词: | ||
| 电子资源: | ||
| 000 | 00766cam 2200193Ma 4504 | |
| 001 | E0761772104 | |
| 005 | 20070727091842.53 | |
| 008 | 9104041967 4nyua d 00000 eng | |
| 010 | @a60007069 | |
| 040 | @aDLC@cPUL@dDNU | |
| 090 | @aP310.43/W1 | |
| 090 | @aO4-61 | |
| 099 | @dO4-61@ex1 | |
| 245 | 00 | @aEncyclopaedic dictionary of physics :@bgeneral, nuclear, solid state, molecular, chemical, metal and vacuum physics, astronomy, geophysics, biophysics, and related subjects / @ceditor-in-chief: J. Thewlis, associate editors: R.C. Glass, D.J. Hughes, A.R. Meetham. |
| 260 | 0 | @aOxford ;@aNew York :@bPergamon Press,@c1967. |
| 300 | @a447p :@bill. ;@c26 cm. | |
| 504 | @aIncludes bibliographies. | |
| 650 | 0 | @aPhysics@xDictionaries. |
| 920 | @a232010@z2 | |
| Encyclopaedic dictionary of physics : : general, nuclear, solid state, molecular, chemical, metal and vacuum physics, astronomy, geophysics, biophysics, and related subjects / / editor-in-chief: J. Thewlis, associate editors: R.C. Glass, D.J. Hughes, A.R. Meetham.-Oxford ; ; New York : : Pergamon Press, , 1967. |
| 447p : : ill. ; ; 26 cm. |
| Includes bibliographies. |
| ISBN |
| ● |
| 相关链接 |
|
|
|
|
正题名:Encyclopaedic dictionary of physics
索取号:O4-61/x1
 
预约/预借
| 序号 | 登录号 | 条形码 | 馆藏地/架位号 | 状态 | 备注 |
| 1 | 13671 | 300136715 | 第二样本阅览室/ [索取号:O4-61/x1] | 在馆 |